000 01530nam a22002417a 4500
999 _c58695
_d58695
003 Ge_BSU
005 20220630123522.0
008 220630s2021 ge ||||| |||| 00| 0 geo d
041 _ageo
080 _a637.3 წ-17
245 _aწათხის ყველის წარმოება :
_bსახელმძღვანელო /
_cწიგნზე მუშაობდნენ გივი ბასილაზე, ელენე გიორგაძე, ირმა ანთია, ზურაბ პაპიაშვილი, თამარ ფირანიშვილი.
264 _c2021.
300 _a276 გვ.:
_bილ.;
_c25 სმ.
500 _aსახელმძღვანელო შედგენილია გაეროს განვითარების პროგრამისა (UNDP) და შვეიცარიის განვითარებისა და თანამშრომლობის სააგენტოს (SDC) მხარდაჭერით.
504 _aბიბლიოგრ. გვ. 276
653 _aწათხის ყველის წარმოება
700 _aბასილაძე, გივი
_912609
700 _aგიორგაძე, ელენე
_914249
700 _aანთია, ირმა
_914250
700 _aპაპიაშვილი, ზურაბ
_914251
700 _aფირანიშვილი,თამარ
_914252
942 _2udc
_cBK